Chemistry (Record no. 79305)

MARC details
000 -LEADER
fixed length control field 01249nam a2200205 a 4500
008 - FIXED-LENGTH DATA ELEMENTS--GENERAL INFORMATION
fixed length control field 081126s2009 ||||||||||||||||| || u
020 ## - INTERNATIONAL STANDARD BOOK NUMBER
International Standard Book Number 9780073025544
050 ## - LIBRARY OF CONGRESS CALL NUMBER
Classification number QD 33.2 Bur
100 ## - MAIN ENTRY--PERSONAL NAME
Personal name Burdge, Julia
245 10 - TITLE STATEMENT
Title Chemistry
Statement of responsibility, etc. Julia Burdge
260 ## - PUBLICATION, DISTRIBUTION, ETC.
Place of publication, distribution, etc. New York
Name of publisher, distributor, etc. McGraw-Hill
Date of publication, distribution, etc. 2009
300 ## - PHYSICAL DESCRIPTION
Extent xxxv, 963p., variant pagings: ill.
350 ## -
-- 0.00
650 #0 - SUBJECT ADDED ENTRY--TOPICAL TERM
Topical term or geographic name entry element CHEMISTRY--HANDBOOKS, MANUALS, ETC
995 ## -
-- BINDERY (DAMAGED)
-- 0.00
-- 738859
-- CBU-MAIN LIBRARY (Kitwe)
-- 1
-- 0.00
-- QD 33.2 BUR
-- 5
-- DAMAGED
-- Nov 26, 2008
-- 738859
-- Main Library Open Access Collection
995 ## -
-- BINDERY (DAMAGED)
-- 0.00
-- 738856
-- CBU-MAIN LIBRARY (Kitwe)
-- 1
-- 0.00
-- QD 33.2 BUR
-- 2
-- DAMAGED
-- Nov 26, 2008
-- 738856
-- Main Library Open Access Collection
995 ## -
-- BINDERY (DAMAGED)
-- 0.00
-- 738857
-- CBU-MAIN LIBRARY (Kitwe)
-- 1
-- 0.00
-- QD 33.2 BUR
-- 3
-- DAMAGED
-- Nov 26, 2008
-- 738857
-- Main Library Open Access Collection
995 ## -
-- MAIN LIBRARY OPEN ACCESS
-- 0.00
-- 738858
-- CBU-MAIN LIBRARY (Kitwe)
-- 1
-- 0.00
-- QD 33.2 BUR
-- 4
-- AVAILABLE
-- Nov 26, 2008
-- 738858
-- Main Library Open Access Collection
995 ## -
-- BINDERY (DAMAGED)
-- 0.00
-- 738855
-- CBU-MAIN LIBRARY (Kitwe)
-- 1
-- 0.00
-- QD 33.2 BUR
-- 1
-- AVAILABLE
-- Nov 26, 2008
-- 738855
-- Main Library Open Access Collection
999 ## -
-- 79305
-- 79305

No items available.